| 000 | 00348nam a2200109 4500 | ||
|---|---|---|---|
| 008 | 240802b |||||||| |||| 00| 0 eng d | ||
| 040 |
_aNational Science Library _cNational Science Library |
||
| 245 | _aAsezarea dacica de la arpasu de sus | ||
| 260 |
_aRomania: _bEditura Academiei Republicii Socialiste, _c1976 |
||
| 300 | _a110p. | ||
| 942 |
_2udc _cBK |
||
| 999 |
_c65703 _d65703 |
||